Statistics for my spotify wrapped 2023

Click here to take the quiz!

General Stats

  • This quiz has been taken 9 times
  • The average score is 44 of 100

Answer Stats

#Song NameAnswer% Correct
51White Teeth TeensLorde
88%
3RibsLorde
88%
4Tennis CourtLorde
88%
36Still SaneLorde
88%
8400 LuxLorde
88%
20TeamLorde
88%
16A World AloneLorde
88%
12RoyalsLorde
88%
25Glory and GoreLorde
88%
54enough for youOlivia Rodrigo
88%
31drivers licenseOlivia Rodrigo
88%
37jealousy, jealousyOlivia Rodrigo
88%
2good 4 uOlivia Rodrigo
88%
27deja vuOlivia Rodrigo
88%
581 step forward, 3 steps backOlivia Rodrigo
88%
9traitorOlivia Rodrigo
88%
69vampireOlivia Rodrigo
88%
95favorite crimeOlivia Rodrigo
88%
5brutalOlivia Rodrigo
88%
64Ultralight BeamKanye West
75%
52FamousKanye West
75%
68Pt. 2Kanye West
75%
48Dark FantasyKanye West
75%
60POWERKanye West
75%
1Father Stretch My Hands Pt. 1Kanye West
75%
22Hold My LiquorKanye West
75%
56RunawayKanye West and Pusha T
75%
40MonsterKanye West et al.
75%
18So AppalledKanye West et al.
75%
91In Da Club50 Cent
63%
13Love SosaChief Keef
63%
94No TomorrowChief Keef
63%
50Hate Bein' SoberChief Keef et al.
63%
26ToxicBritney Spears
50%
99Call Me MaybeCarly Rae Jepsen
50%
62No Questions AskedFleetwood Mac
50%
70EverywhereFleetwood Mac
50%
74RhiannonFleetwood Mac
50%
78The ChainFleetwood Mac
50%
66LandslideFleetwood Mac
50%
21SaraFleetwood Mac
50%
97Little LiesFleetwood Mac
50%
39Seven WondersFleetwood Mac
50%
11AlrightKendrick Lamar
50%
72King KuntaKendrick Lamar
50%
34Wesley's TheoryKendrick Lamar
50%
80Summertime SadnessLana Del Rey
50%
86RioDuran Duran
38%
65Hungry Like The WolfDuran Duran
38%
96When Doves CryPrince
38%
90I Would Die 4 UPrince
38%
67Let's Go CrazyPrince
38%
17Take Me with UPrince
38%
83The Beautiful OnesPrince
38%
47I Believe I Can FlyR. Kelly
38%
55The BoxRoddy Ricch
38%
53I BelieveTears For Fears
38%
38Mothers TalkTears For Fears
38%
14Head Over Heels / BrokenTears For Fears
38%
49BrokenTears For Fears
38%
6Everybody Wants To Rule The WorldTears For Fears
38%
10The Working HourTears For Fears
38%
45ListenTears For Fears
38%
76ShoutTears For Fears
38%
35Ballin'Mustard and Roddy Ricch
25%
88Bizarre Love TriangleNew Order
25%
100Mr. RobotoStyx
25%
44Come Sail AwayStyx
25%
61Changes2Pac
13%
92Heat Of The MomentAsia
13%
59Time After TimeCyndi Lauper
13%
81Here Comes the Rain AgainEurythmics
13%
33Thought It Was A DroughtFuture
13%
29Where Ya AtFuture and Drake
13%
63Crazy On YouHeart
13%
23(Love Me Like Music) I'll Be Your SongHeart
13%
15Soul Of The SeaHeart
13%
41How Deep It GoesHeart
13%
19Dreamboat AnnieHeart
13%
89Sing ChildHeart
13%
85White Lightning and WineHeart
13%
42Rock With YouMichael Jackson
13%
84TimePink Floyd
13%
73New N3onPlayboi Carti
13%
93Long TimePlayboi Carti
13%
77F33l Lik3 DyinPlayboi Carti
13%
28Go2DaMoonPlayboi Carti and Kanye West
13%
75Don't Stand So Close To MeThe Police
13%
30Burnin' for YouBlue Oyster Cult
0%
7POLLYANNA (I BELIEVE IN YOU)Catherine Warwick
0%
57WISDOM OF THE WORLDCatherine Warwick
0%
46BEIN' FRIENDSCatherine Warwick
0%
79ALL THAT I NEEDED (WAS YOU)Jermy Budd
0%
32LightsJourney
0%
87Only the YoungJourney
0%
71Wheel in the SkyJourney
0%
98I Want You To Want Me (not Cheap Trick)Letters To Cleo
0%
82Love Is A BattlefieldPat Benatar
0%
43Saran PackTay-K
0%
24Hold Me NowThompson Twins
0%

Score Distribution

Percentile by Number Answered

Percent of People with Each Score

Your Score History

You have not taken this quiz